000
00308nam a2200157Ia 4500
100
_a
Sanghvi/Vir
650
_a
General
942
_c
BK
366
_f
20
245
_a
Men of steel
260
_b
Lotus collection
_c
2007
082
_a
808.83/SAN
_b
SAN
300
_a
109
546
_a
ENGLISH
999
_c
28234
_d
28234